[Event "SRB-chT2 West CS"]
[Site "Serbia"]
[Date "2016.10.07"]
[Round "8.4"]
[White "Nikolic, Ivan D"]
[Black "Markovic, Miroslav R"]
[Result "0-1"]
[WhiteElo "1818"]
[BlackElo "2097"]
[PlyCount "85"]
[EventDate "2016.09.04"]
[EventType "team-tourn"]
[EventRounds "11"]
[EventCountry "SRB"]
[SourceTitle "EXT 2018"]
[Source "ChessBase"]
[SourceDate "2017.10.13"]
[SourceVersion "1"]
[SourceVersionDate "2017.10.13"]
[SourceQuality "1"]

1. e4 e6 2. d4 c5 3. Nf3 cxd4 4. Nxd4 a6 5. Nc3 Bb4 6. Bd3 Nc6 7. Nxc6 bxc6 8. 0-0 Ne7 9. Qg4 Ng6 10. Bg5 Be7 11. Bxe7 Qxe7 12. f4 f6 13. h4 0-0 14. h5 Nh8 15. f5 Nf7 16. Rae1 Rb8 17. b3 Ng5 18. Nd1 e5 19. Bc4+ Kh8 20. Nf2 Rd8 21. Rd1 Bb7 22. Nh3 Nxh3+ 23. gxh3 d5 24. Bd3 c5 25. Kh2 dxe4 26. Bc4 Rxd1 27. Rxd1 Rd8 28. Rg1 Rd2+ 29. Kg3 h6 30. Kh4 Rf2 31. Qg6 Bc6 32. Bf7 Rf4+ 33. Rg4 Rxg4+ 34. Kxg4 Bd7 35. Kg3 Bc6 36. Kf2 Qd8 37. Ke2 e3 38. Kxe3 Qd4+ 39. Ke2 Qe4+ 40. Kd1 Qe3 41. c4 Bf3+ 42. Kc2 Qe2+ 43. Kc3 0-1

[Event "SRB-chT2 West"]
[Site "Kragujevac"]
[Date "2015.10.10"]
[Round "9.3"]
[White "Nenadovic, Ljubisa"]
[Black "Markovic, Miroslav R"]
[Result "1/2-1/2"]
[WhiteElo "2137"]
[BlackElo "2080"]
[PlyCount "31"]
[EventDate "2015.09.04"]
[EventType "team-tourn"]
[EventRounds "11"]
[EventCountry "SRB"]
[SourceTitle "EXT 2022"]
[Source "ChessBase"]
[SourceDate "2021.10.06"]
[SourceVersion "1"]
[SourceVersionDate "2021.10.06"]
[SourceQuality "1"]

1. d4 e6 2. c4 c5 3. d5 exd5 4. cxd5 d6 5. Nc3 g6 6. e4 Bg7 7. f4 a6 8. a4 Ne7 9. Nf3 Bg4 10. Be2 Bxf3 11. Bxf3 0-0 12. 0-0 f5 13. e5 dxe5 14. d6 Nec6 15. Bxc6 Nxc6 16. Qd5+ 1/2-1/2

[Event "SRB-chT2 West"]
[Site "Kragujevac"]
[Date "2015.10.09"]
[Round "8.3"]
[White "Markovic, Miroslav R"]
[Black "Stevanovic, Milos"]
[Result "1-0"]
[WhiteElo "2080"]
[BlackElo "1630"]
[PlyCount "155"]
[EventDate "2015.09.04"]
[EventType "team-tourn"]
[EventRounds "11"]
[EventCountry "SRB"]
[SourceTitle "EXT 2022"]
[Source "ChessBase"]
[SourceDate "2021.10.06"]
[SourceVersion "1"]
[SourceVersionDate "2021.10.06"]
[SourceQuality "1"]

1. d4 Nf6 2. c4 g6 3. Nc3 d5 4. Nf3 Bg7 5. h3 0-0 6. e3 b6 7. cxd5 Nxd5 8. Be2 Bb7 9. 0-0 Nd7 10. Bc4 Nxc3 11. bxc3 c5 12. Bb2 Rc8 13. Rc1 e5 14. Qe2 Re8 15. Rfd1 Qe7 16. Bb5 Bc6 17. Bxc6 Rxc6 18. d5 Rd6 19. c4 e4 20. Nh2 f5 21. a4 Bxb2 22. Qxb2 Ne5 23. Rc2 Nd3 24. Qb3 Rf8 25. Nf1 g5 26. Ng3 f4 27. exf4 gxf4 28. Nxe4 Qxe4 29. Qxd3 Qg6 30. Qxg6+ hxg6 31. Re1 Rf7 32. f3 Kg7 33. Rce2 Kf6 34. Kf2 Rb7 35. Re4 g5 36. h4 a6 37. hxg5+ Kxg5 38. Re5+ Kf6 39. Rh5 Kg6 40. Reh1 Rbd7 41. R1h4 b5 42. Rh6+ Kg7 43. Rxd6 Rxd6 44. axb5 axb5 45. cxb5 Rxd5 46. Rxf4 Rd2+ 47. Ke3 Rb2 48. Rc4 Rxb5 49. Ke4 Kf6 50. f4 Rb2 51. g4 Re2+ 52. Kf3 Ra2 53. Rxc5 Ra3+ 54. Ke4 Ra4+ 55. Ke3 Ra3+ 56. Kd4 Rg3 57. Rc6+ Kf7 58. g5 Rf3 59. Ke4 Ra3 60. f5 Ra4+ 61. Kd5 Ra5+ 62. Rc5 Ra7 63. Kd6 Ra6+ 64. Rc6 Ra1 65. Rc7+ Kf8 66. g6 Rd1+ 67. Ke6 Re1+ 68. Kf6 Re8 69. Rh7 Kg8 70. Rh4 Rf8+ 71. Kg5 Ra8 72. Rd4 Ra5 73. Rd8+ Kg7 74. Rd7+ Kg8 75. Kh6 Rxf5 76. Rd8+ Rf8 77. Rxf8+ Kxf8 78. Kh7 1-0

[Event "SRB-chT2 West"]
[Site "Kragujevac"]
[Date "2015.09.05"]
[Round "3.2"]
[White "Jovicic, Radovan"]
[Black "Markovic, Miroslav R"]
[Result "0-1"]
[WhiteElo "1753"]
[BlackElo "2080"]
[PlyCount "56"]
[EventDate "2015.09.04"]
[EventType "team-tourn"]
[EventRounds "11"]
[EventCountry "SRB"]
[SourceTitle "EXT 2022"]
[Source "ChessBase"]
[SourceDate "2021.10.06"]
[SourceVersion "1"]
[SourceVersionDate "2021.10.06"]
[SourceQuality "1"]

1. e4 e6 2. d4 c5 3. Nf3 cxd4 4. Nxd4 a6 5. Be2 Nc6 6. Be3 Nf6 7. Nc3 Bb4 8. f3 Qa5 9. Qd2 d5 10. Nb3 Bxc3 11. bxc3 Qc7 12. exd5 Nxd5 13. Bf2 0-0 14. c4 Nf6 15. a4 b6 16. c5 bxc5 17. Bxc5 Rd8 18. Qe3 Nd5 19. Qf2 Na5 20. Nd2 Rb8 21. Nc4 Nxc4 22. Bxc4 Qa5+ 23. Kf1 Qc3 24. Bd3 Qxa1+ 25. Ke2 Qe5+ 26. Kd2 Nf4 27. Qh4 Rxd3+ 28. cxd3 Rb2+ 0-1

[Event "SRB Central-ch op-A 8th"]
[Site "Paracin"]
[Date "2015.07.08"]
[Round "7"]
[White "Markovic, Miroslav R"]
[Black "Aydincelebi, Kagan"]
[Result "1/2-1/2"]
[WhiteElo "2114"]
[BlackElo "1910"]
[PlyCount "100"]
[EventDate "2015.07.03"]
[EventType "swiss"]
[EventRounds "9"]
[EventCountry "SRB"]
[SourceTitle "CBM 167 Extra"]
[Source "ChessBase"]
[SourceDate "2015.09.14"]
[SourceVersion "1"]
[SourceVersionDate "2015.09.14"]
[SourceQuality "1"]

1. d4 Nf6 2. c4 c5 3. e3 g6 4. Nc3 Bg7 5. Nf3 0-0 6. Be2 cxd4 7. exd4 d5 8. c5 Nc6 9. h3 Ne4 10. 0-0 b6 11. Bb5 Nxc3 12. bxc3 Na5 13. cxb6 axb6 14. Qe2 Bd7 15. a4 Rc8 16. Ba3 Re8 17. Bb4 Bxb5 18. Qxb5 Nc4 19. Rfe1 e6 20. Re2 Bf8 21. Bxf8 Rxf8 22. g3 Qc7 23. Rc1 Qc6 24. Qb3 Ra8 25. Ra2 Rfc8 26. h4 h5 27. Ng5 Nd6 28. Qb4 Nf5 29. Ra3 Qc4 30. Rb1 Rc6 31. Qxc4 Rxc4 32. Rxb6 Rcxa4 33. Rxa4 Rxa4 34. Rb8+ Kg7 35. Rb7 Rc4 36. Nxf7 Rxc3 37. Ng5+ Kg8 38. Nxe6 Rc6 39. Rb8+ Kh7 40. Ng5+ Kg7 41. Re8 Rd6 42. Re6 Rxe6 43. Nxe6+ Kf7 44. Nf4 Nxd4 45. Nxd5 Kg7 46. Kg2 Kf7 47. Ne3 Ke6 48. f3 Kf6 49. Kf2 Ne6 50. Ng2 Nd4 1/2-1/2

[Event "SRB Central-ch op-A 8th"]
[Site "Paracin"]
[Date "2015.07.06"]
[Round "4"]
[White "Todorovic, Nenad I"]
[Black "Markovic, Miroslav R"]
[Result "1-0"]
[WhiteElo "2252"]
[BlackElo "2114"]
[PlyCount "33"]
[EventDate "2015.07.03"]
[EventType "swiss"]
[EventRounds "9"]
[EventCountry "SRB"]
[SourceTitle "CBM 167 Extra"]
[Source "ChessBase"]
[SourceDate "2015.09.14"]
[SourceVersion "1"]
[SourceVersionDate "2015.09.14"]
[SourceQuality "1"]

1. e4 e6 2. d4 c5 3. Nf3 a6 4. Be2 cxd4 5. Nxd4 Nc6 6. Nc3 Bb4 7. Nxc6 bxc6 8. Qd4 Bf8 9. e5 Ne7 10. Bf4 Ng6 11. Bg3 Rb8 12. 0-0-0 Rb4 13. Bc4 c5 14. Qe4 Bb7 15. Qd3 Qg5+ 16. f4 Nxf4 17. Qxd7# 1-0

[Event "SRB Central-ch op-A 8th"]
[Site "Paracin"]
[Date "2015.07.04"]
[Round "2"]
[White "Filev, Georgi"]
[Black "Markovic, Miroslav R"]
[Result "1-0"]
[WhiteElo "2344"]
[BlackElo "2114"]
[PlyCount "141"]
[EventDate "2015.07.03"]
[EventType "swiss"]
[EventRounds "9"]
[EventCountry "SRB"]
[SourceTitle "CBM 167 Extra"]
[Source "ChessBase"]
[SourceDate "2015.09.14"]
[SourceVersion "1"]
[SourceVersionDate "2015.09.14"]
[SourceQuality "1"]

1. e4 e6 2. d4 c5 3. Nf3 cxd4 4. Nxd4 a6 5. Nc3 Bb4 6. Be2 Nf6 7. Qd3 Nc6 8. Bd2 0-0 9. Nxc6 bxc6 10. Qg3 d5 11. a3 Be7 12. e5 Ne8 13. 0-0 f6 14. Bf4 fxe5 15. Bxe5 Bd6 16. Bg4 Bxe5 17. Qxe5 Qd6 18. Rfe1 Rf6 19. g3 Qxe5 20. Rxe5 Nd6 21. Rae1 Kf7 22. b3 Nb5 23. Na4 Rb8 24. Nc5 Nd4 25. Bd1 a5 26. a4 Ke7 27. Nd3 Kd6 28. f4 Bd7 29. Nf2 Rbf8 30. Ng4 Rg6 31. Kf2 c5 32. h4 Nc6 33. R5e3 Rf5 34. h5 Rgg5 35. Rd3 Rf8 36. Ne3 Nd4 37. c3 Nc6 38. Bf3 Rgf5 39. Nxf5+ Rxf5 40. Bg4 Rf8 41. Kg2 Rb8 42. Bd1 e5 43. fxe5+ Nxe5 44. Rde3 Nc6 45. Rf1 Ne5 46. Rfe1 Nc6 47. g4 d4 48. cxd4 Nxd4 49. Kg3 Be6 50. Bc2 g6 51. hxg6 hxg6 52. Bxg6 Bxb3 53. Re8 Rxe8 54. Bxe8 c4 55. Kf4 c3 56. Ke4 Kc5 57. Kd3 c2 58. Kc3 Be6 59. g5 Bg4 60. Rc1 Bd1 61. Kb2 Kd6 62. g6 Nf5 63. Bb5 Ke7 64. Bd3 Ne3 65. Kc3 Nd5+ 66. Kd4 Nb4 67. Be4 Kf6 68. Kc5 Ke5 69. Bxc2 Bxc2 70. Rxc2 Nxc2 71. g7 1-0